| 000 | 00612nam a22002177a 4500 | ||
|---|---|---|---|
| 003 | OSt | ||
| 005 | 20140310182830.0 | ||
| 008 | 130601t xxu||||| |||| 00| 0 eng d | ||
| 020 | _a9780073532516 | ||
| 050 |
_aGE 105 _b.C973 2008 |
||
| 082 |
_aM 363.7 _b.C91 2008 |
||
| 245 |
_aPrinciples of environmental science : _binquiry & applications / _cCunningham, William P. |
||
| 250 | _a7th ed. | ||
| 260 |
_aNew York, NY _bMcGraw-Hill _cc2013. |
||
| 300 |
_axxii, 410 p. : _c28 cm. _bill. ; |
||
| 521 | _acollege students | ||
| 526 | _c1210L-1700L | ||
| 541 | _j1 | ||
| 562 | _e1 | ||
| 942 |
_2lcc _cBK _kM |
||
| 999 |
_c16602 _d16602 |
||